| 000 | 01349nam a22003135i 4500 | ||
|---|---|---|---|
| 001 | 165667 | ||
| 003 | ES-MaACL | ||
| 005 | 20250728105428.0 | ||
| 008 | 980115m18771879fr |||| | fre d | ||
| 040 |
_aNA _bspa _cNA |
||
| 100 | 1 |
_aSpencer, Herbert, _d1820-1903 _9107684 |
|
| 245 | 1 | 0 |
_aEssais de morale, de science et d'esthétique / _cpar Herbert Spencer ; traduits de l'anglais par A. Burdeau. |
| 260 |
_aParis : _bLibrairie Germer Baillière et C\pie\s, _c1877-1879 ( _eCoulommiers : _fTyp. Albert Ponsot et P. Brodard) |
||
| 300 |
_av. ; _c22 cm. |
||
| 505 | 8 | _aContiene: I. Essais sur le progrès -- III. Essais Scientifiques ; suivis de réponses aux objections sur "Les premiers principes" | |
| 650 | 4 |
_aProgreso científico y tecnológico. _916470 |
|
| 700 | 1 | 1 |
_aBurdeau, A., _etrad. _932590 |
| 700 | 1 | 1 |
_aBaillière, Germer, _eed. _9125776 |
| 700 | 1 | 1 |
_aPonsot, Albert, _eimp. _9131270 |
| 700 | 1 | 1 |
_aBrodard, Paul, _eimp. _9126184 |
| 740 | 0 | 1 | _aEssais sur le progrès. |
| 740 | 0 | 1 | _aEssais scientifiques. |
| 740 | 0 | 1 | _aRéponses aux objections sur "Les premiers principes" |
| 752 |
_aFrancia - _dParís |
||
| 752 |
_aFrancia - _dCoulommiers |
||
| 852 |
_aES-MaACL _jB-7167-7169 _z-- Enc. pasta española _x-- T300: 3 V. (XXII, 414; XIII, 439; XV, 412 p. ) |
||
| 999 |
_c165667 _d165667 |
||